000 00552nam a2200181Ia 4500
003 GCL
008 140319s9999 xx 000 0 ara d
040 _aGCL /
_cGCL
082 0 4 _a255
_bا ت
100 1 _aاحمد فتحى بهنسى
245 1 0 _aتطبيق الحدود فى التشريعات الجنائية الحديثة /
_cاحمد فتحى بهنسى
300 _a363
490 _aكتاب
_v0
650 0 4 _aالشريعة الاسلامية
650 0 4 _aالفقه الاسلامى
650 0 4 _aالجنايات
942 _2ddc
_cBK
999 _c42575
_d42575